000 00974naa a22002777a 4500
001 BR9601051
003 BR-BrBNA
005 20240918181614.0
007 ta
008 230509b bl.||||| |||| 00| 0 por d
040 _aBR-BrBNA
_bpor
_cBiblioteca Nacional de Agricultura
041 _a(En
072 _aP30
090 _aP30 BR9601051
100 1 _aAlexandre, L.T.
111 1 _aCongresso Pan Americano de Conservacao do Solo
_cSao Paulo, SP (Brazil)
_d12-29 Apr 1966
245 1 _aLaboratory support for the soil survey
260 3 _aSao Paulo, SP (Brasil):
_c1966.
500 _aAnais do Congresso Pan Americano de Conservacao do Solo Sao Paulo, SP (Brasil): 1966. p. 265-268 (BR9601051-AM)P30
650 _aLaboratorio
650 _aSolo
650 _aPesquisa
773 0 _tAnais do Congresso Pan Americano de Conservacao do Solo
_wP30 BR9601051
_gSao Paulo, SP (Brasil), 1966. p. 265-268
909 _a202404
_bLucia
_c55
_dLucia Elande
942 _cAM
_2AGRIS
999 _c326062
_d326062